000 01900cam a22004814i 4500
003 PE-LiUPU
005 20250731165525.0
008 150623s r 000 0 d
035 _a(Sirsi) a28605
035 _a(Sirsi) a28605
040 _aPE-LiUPU
_bspa
_cPE-LiUPU
_erda
100 1 _aCoenen, Lothar,
_eautor.
245 1 0 _aDiccionario teologìco del Nuevo Testamento.
_n2 /
_cLothar Coenen.
264 1 _a
300 _a.
336 _atext
_2rdacontent
337 _aunmediated
_2rdamedia
338 _avolume
_2rdacarrier
490 0 _aBiblioteca Del Estudio Bíblico
526 _aSEG44
526 _aSEG26
526 _aP151
526 _aP150
526 _aP149
526 _aP146
526 _aP145
526 _aP126
526 _aP125
526 _aP92
526 _aP75
526 _aP74
526 _aP27
526 _aP15
942 _2ddc
_cBOOK
949 _aRC 225.03 C68 2
_wDEWEY
_c1
_i22156
_lRC
_mBUL
_r0
_sY
_tBOOK
_u2015-6-24
_xBIBLIOTECA
_zUNKNOWN
_0COMPRA
_o.CIRCNOTE. No olvidar cambiar la fecha de devolución!!!!!!!
_o.STAFF. Colección General
949 _aRC 225.03 C68 2
_wDEWEY
_c2
_i19976
_lRC
_mBUL
_r0
_sY
_tBOOK
_u2015-6-24
_xBIBLIOTECA
_zUNKNOWN
_0COMPRA
_o.CIRCNOTE. No olvidar cambiar la fecha de devolución!!!!!!!
_o.STAFF. Colección General
994 _aC0
_bPEPRU
596 _a1
999 _aRC 225.03 C68 2
_wDEWEY
_c35872
_i22156
_d35872
_e2017-9-22
_f2021-11-11
_g6
_lCCODEBUL1
_mBUL
_n1
_q1
_r0
_sY
_tBOOK
_u2015-6-24
_xTEOLOGIA
_zUNKNOWN
_0COMPRA
_o.CIRCNOTE. No olvidar cambiar la fecha de devolución!!!!!!!
_o.STAFF. Colección General
999 _aRC 225.03 C68 2
_wDEWEY
_c2
_i19976
_d2019-5-15
_f2021-11-8
_g7
_lCCODEBUL1
_mBUL
_q5
_r1
_sY
_tBOOK
_u2015-6-24
_xTEOLOGIA
_zUNKNOWN
_0COMPRA
_o.CIRCNOTE. No olvidar cambiar la fecha de devolución!!!!!!!
_o.STAFF. Colección General
980 _81
_gALBERTO SANCHEZ Responsable de Automatización